000 01314nam a2200373 i 4500
001 194784
003 SpMaBN
005 20240527162040.0
007 ta
008 240516q19401944sp j spa
016 7 _abimoBNE19981146888bimo0000870899
_2SpMaBN
035 _aIND9200311976
035 _abimo0000870898
035 _a(OCoLC)733562732
040 _aSpMaBN
_bspa
_cA2
_dSpMaBN
_eES-MaACL
080 _a821.133.1-32"18"
100 0 _aFéval, Paul,
_d1816-1887
_0XX829076
_950646
245 1 3 _aLa casa misteriosa /
_cPaul Feval.
260 _aMadrid :
_bDédalo,
_c[entre 1940 y 1944]
300 _a16 p. ;
_c29 cm
336 _2rdacontent
_atexto
337 _2rdamedia
_asin mediación
338 _2rdacarrier
_avolumen
490 1 _aNovelas y cuentos
500 _aIncluye otros relatos del autor
773 _0194742
_9202381
_gG-15981
_aObras encuadernadas juntas
830 _9236505
_aNovelas y cuentos (Dédalo)
852 _aES-MaACL
_cDEPO2
_jG-15981(6)
_hLegado: Juan Antonio Porto
_xEncuadernado con otras obras formando un volumen facticio
_9202381
903 _993285
_aPorto, Juan Antonio,
_d1937-2021
_ednr
_q1
942 _n0
_cFOLLETOS
999 _c194784
_d194784